00682 a2200169 4500003000500000005001700005020001500022040000900037082001500046100002500061245005100086260004100137300001900178505026300197600002300460650002900483NUST20221226132352.0 a8185567931 cNust a355.02,SCA aScales Jr, Robert H. aFirepower in limited war /cRobert H.Scales Jr aPakistanbArmy Education Pressc2000 a337 p.:billus aFirepower in the American Way of War (Page-3), The First Indochina War (Page-23), The Second Indochina War (Page-63), The Afghanistan Intervention (Page-155), The Falk ands Campaign (Page-199), The Gulf (Page-235), Firepower in Future Limited War (Page-287). aRobert H.Scales Jr aFirepower in limited war